000 00881nam a2200253Ia 4500
003 OSt
005 20221005103922.0
006 a|||||r|||| 00| 0
007 ta
008 221004b |||||||| |||| 00| 0 hin d
020 _a8170167450 (hbk)
_c225
024 _a105789
037 _b12953, 18/03/2011, Kitab Ghar
_cTextual
040 _aCRL
_cCRL
_bhin
041 _2hin
_ahin
082 _aV2:51.N5, 152P7
100 _aशर्मा, मदन लाल
245 0 _aस्वतंत्रता संग्राम का इतिहास
246 _aSvatantratā sangrām kā itihāsa
260 _aदिल्ली
_bकिताबघर भारत
_c2007
300 _a232पृ0
_ccm.
942 _hV2:51.N5, 152P7
_cTEXL
_2cc
999 _c1011276
_d1011276